000 00436nam a2200181Ia 4500
001 21473
005 20260306172922.0
008 260306t2007||||xx |||||||||||||| ||spa||
041 _aESP
082 _a345.05
_bC22
100 _aCalderón Sumarriva, Ana
_eAUT
245 0 _aEl abc del derecho procesal penal
260 _c2007
300 _a175 páginas :
_c24 cm.
650 _aGEN
654 _aCDE
942 _cLIB
_dJUS
_fJUS
_2ddc
_n
999 _c21473
_d21473